000
00166 a2200085 4500
041
_a
spa
100
_a
D souza, Donaldo
245
_a
Introduccion a la biblia
942
_c
BK
999
_c
9339
_d
9339